Reducing the Computational Requirementsin the Mamdani-type Fuzzy Control

Elmentve itt :
Bibliográfiai részletek
Szerzők: Dombi József
Laufer Edit
Dokumentumtípus: Cikk
Megjelent: 2020
Sorozat:ACTA POLYTECHNICA HUNGARICA 17 No. 3
Tárgyszavak:
doi:10.12700/APH.17.3.2020.3.2

mtmt:31169999
Online Access:http://publicatio.bibl.u-szeged.hu/26021
LEADER 00781nab a2200217 i 4500
001 publ26021
005 20230109101356.0
008 230109s2020 hu o 0|| Angol d
022 |a 1785-8860 
024 7 |a 10.12700/APH.17.3.2020.3.2  |2 doi 
024 7 |a 31169999  |2 mtmt 
040 |a SZTE Publicatio Repozitórium  |b hun 
041 |a Angol 
100 1 |a Dombi József 
245 1 0 |a Reducing the Computational Requirementsin the Mamdani-type Fuzzy Control  |h [elektronikus dokumentum] /  |c  Dombi József 
260 |c 2020 
300 |a 25-41 
490 0 |a ACTA POLYTECHNICA HUNGARICA  |v 17 No. 3 
650 4 |a Számítás- és információtudomány 
700 0 1 |a Laufer Edit  |e aut 
856 4 0 |u http://publicatio.bibl.u-szeged.hu/26021/1/2020_Reducingthecomputational_Laufer.pdf  |z Dokumentum-elérés